Quiz o Lidze Mistrzów! CZ. 1 - Statystyki

Ogólne statystyki
  • Ten quiz został rozwiązany 50 razy
  • Średni wynik to 5 z 8
Statystyki odpowiedzi
Zagadnienie Odpowiedź % Poprawnych
W którym sezonie Messi zdobył ostatnią LM? 2014/15
100%
Jaki bramkarz obronił strzał Szewczenki podczas rzutów karnych? Jerzy Dudek
89%
Jaki menadżer doprowadził FC Porto do zwycięstwa w LM? Jose Mourinho
89%
W sezonie 2011/12 królem strzelców (LM)został? Lionel Messi
89%
A który klub wygrał w sezonie z poprzedniego pytania? Chelsea Londyn
67%
Która drużyna jako pierwsza wzniosła Ligę Mistrzów? Olympique Marsylia
44%
Real Obronił Ligę Mistrzów ile razy? 3
33%
Ostatnie pytanie kto został królem strzelców w sezonie 1996/97 Pantić
22%
Nie znaleziono quizów pasujących do podanych kryteriów
Rozkład punktacji
Procent ludzi z każdym wynikiem
Percentyl według liczby udzielonych odpowiedzi
Twoja historia wyników
Nie rozwiązałeś tego quizu